Field legend for soil surveys in Malaysia
| Main Author: | |
|---|---|
| Format: | Book |
| Published: |
Serdang, Selangor :
Penerbit Universiti Pertanian Malaysia ,
1987
|
| Subjects: |
MARC
| LEADER | 00000cam a2200000 7i4500 | ||
|---|---|---|---|
| 001 | 0000002759 | ||
| 005 | 20040107.0 | ||
| 020 | 0 | 0 | |a 9679952355 |
| 090 | 0 | 0 | |a 631.47 |b PAR 1987 |
| 100 | 1 | 0 | |a PARAMANANTHAN |h S. |
| 245 | 1 | 0 | |a Field legend for soil surveys in Malaysia |c S. Paramananthan |
| 260 | 0 | 0 | |a Serdang, Selangor : |b Penerbit Universiti Pertanian Malaysia , |c 1987 |
| 300 | |a ix, 92 p. : |b ill. ; |c 23 cm. | ||
| 500 | 0 | 0 | |a Bibliography : p. 63-64 |
| 650 | 0 | 0 | |a Soil science |
| 650 | 0 | 0 | |a Soil surveys |
| 998 | |a JPSM | ||
| 999 | |a 0000004415 |b Monograph |c Open Shelf |e Default branch | ||